000 00430pab a2200169 454500
008 180718b2013 xxu||||| |||| 00| 0 eng d
100 _aTripathi, Satyendra P.P.
245 _aWomen empowerment - an engine of sustainable development
260 _c2013
300 _ap.32-37.
362 _aAug
650 _aSustainable development
650 _aWomen
773 _aKurukshetra (English)
908 _aN
909 _a100833
999 _c100832
_d100832